Classroom Assessment and Educational Measurement (Record no. 25256)

MARC details
000 -LEADER
fixed length control field 00767nam a2200121Ia 4500
008 - FIXED-LENGTH DATA ELEMENTS--GENERAL INFORMATION
fixed length control field 220620s9999||||xx |||||||||||||| ||und||
245 #0 - TITLE STATEMENT
Title Classroom Assessment and Educational Measurement
546 ## - LANGUAGE NOTE
Language note English[eng]
650 ## - SUBJECT ADDED ENTRY--TOPICAL TERM
Topical term or geographic name entry element assessment||assessment information||Classroom Assessment and Educational Measurement||Classroom Assessment Task Force||classroom assessment||educational measurement||grades||James H. McMillan||learning theory||measurement theory||National Council on Measurement in Education||NCME Applications of Educational Measurement and Assessment||Susan M. Brookhart||student learning||testing
700 ## - ADDED ENTRY--PERSONAL NAME
Personal name Brookhart, Susan M.||McMillan, James H.
856 ## - ELECTRONIC LOCATION AND ACCESS
Uniform Resource Identifier <a href="https://library.oapen.org/bitstream/20.500.12657/54181/1/9780429017612.pdf">https://library.oapen.org/bitstream/20.500.12657/54181/1/9780429017612.pdf</a>
942 ## - ADDED ENTRY ELEMENTS (KOHA)
Koha item type E-Books
Holdings
Withdrawn status Lost status Damaged status Not for loan Home library Current library Date acquired Total Checkouts Date last seen Price effective from Koha item type
        Kerala University of Digital Sciences, Innovation and Technology Knowledge Centre Kerala University of Digital Sciences, Innovation and Technology Knowledge Centre 20/06/2022   20/06/2022 20/06/2022 E-Books